Normal view
MARC view
- قوافل الحج-بلاد الشام-العصور التاريخية-التاريخ الاسلامي
Entry Topical Term
001 - CONTROL NUMBER
- control field: 63620
003 - CONTROL NUMBER IDENTIFIER
- control field: JO-AjAnu
005 - DATE AND TIME OF LATEST TRANSACTION
- control field: 20230606084401.0
008 - FIXED-LENGTH DATA ELEMENTS
- fixed length control field: 230606|| aca||aabn | a|a d
040 ## - CATALOGING SOURCE
- Original cataloging agency: JO-AjAnu
- Transcribing agency: JO-AjAnu
150 ## - HEADING--TOPICAL TERM
- Topical term or geographic name entry element: قوافل الحج-بلاد الشام-العصور التاريخية-التاريخ الاسلامي
670 ## - SOURCE DATA FOUND
- Source citation: Work cat.: (JO-AjAnu)32436: البخيت، "محمد عدنان"، م.مشارك نوفان رجا السوارية, author 63619, دراسات تاريخية شامية